000
00297nam a2200133Ia 4500
008
191201s2009 xx 000 0 und d
100
_a
Lipschutz, Seymour
245
0
_a
Data Structures
250
_a
17th
260
_c
2009
_b
TMH
_a
N.Delhi
300
_a
9.27
650
_a
CSE
942
_2
ddc
_c
BB
_0
7
999
_c
7457
_d
7457